Подробности
| 000 -МАРКЕР |
| контрольное поле |
01924nam2a22003491 4500 |
| 001 - ИДЕНТИФИКАТОР ЗАПИСИ |
| контрольное поле |
rc\4877332 |
| 005 - ИДЕНТИФИКАТОР ВЕРСИИ |
| контрольное поле |
20150303154515.0 |
| 021 ## - НОМЕР ГОСУДАРСТВЕННОЙ РЕГИСТРАЦИИ |
| Код страны |
Российская Федерация |
| Номер |
[67-1068] |
| 035 ## - ДРУГИЕ СИСТЕМНЫЕ НОМЕРА |
| Идентификатор записи |
(NLR Aleph) 008914293 |
| 100 ## - ДАННЫЕ ОБЩЕЙ ОБРАБОТКИ |
| Данные общей обработки |
20130426d1966 |||y0rusy50 ca |
| 101 0# - ЯЗЫК РЕСУРСА |
| Язык текста, звукозаписи и т.д. |
русский |
| 102 ## - СТРАНА ПУБЛИКАЦИИ ИЛИ ПРОИЗВОДСТВА |
| Страна публикации |
Российская Федерация |
| 105 ## - ПОЛЕ КОДИРОВАННЫХ ДАННЫХ: ТЕКСТОВЫЕ МАТЕРИАЛЫ, МОНОГРАФИЧЕСКИЕ |
| Кодированные данные о монографическом текстовом документе |
ag z |||e| |
| 200 1# - ЗАГЛАВИЕ И СВЕДЕНИЯ ОБ ОТВЕТСТВЕННОСТИ |
| Основное заглавие |
[Письма 1882 г.] |
| Первые сведения об ответственности |
Подгот. К.Ю. Давыдовой и Г.И. Лабутиной |
| Последующие сведения об ответственности |
[Ред. комис.: А.Н. Александров и др.] |
| 210 ## - ПУБЛИКАЦИЯ, РАСПРОСТРАНЕНИЕ И ДР. |
| Имя издателя, распространителя и т. д. |
Музыка |
| Дата издания, распространения и т.д. |
1966 |
| 215 ## - ФИЗИЧЕСКАЯ ХАРАКТЕРИСТИКА |
| Специфическое обозначение материала и объем |
359 с., 7 л. ил. |
| Другие сведения о физической характеристике |
нот. ил. |
| Размеры |
22 |
| 225 1# - СЕРИЯ |
| Основное заглавие серии |
Труды Государственного дома-музея П.И. Чайковского |
| 320 ## - ПРИМЕЧАНИЯ О НАЛИЧИИ В ДОКУМЕНТЕ БИБЛИОГРАФИИ / УКАЗАТЕЛЯ |
| Текст примечания |
Указатель произведений П.И. Чайковского: с. 349-352 |
| 320 ## - ПРИМЕЧАНИЯ О НАЛИЧИИ В ДОКУМЕНТЕ БИБЛИОГРАФИИ / УКАЗАТЕЛЯ |
| Текст примечания |
Вспом. указатели: с. 315-348 |
| 320 ## - ПРИМЕЧАНИЯ О НАЛИЧИИ В ДОКУМЕНТЕ БИБЛИОГРАФИИ / УКАЗАТЕЛЯ |
| Текст примечания |
Библиогр.: с. 10-11 |
| 461 #0 - УРОВЕНЬ НАБОРА |
| Встроенное поле |
001rc\2343146 |
| -- |
2001#$aПолное собрание сочинений$fП. Чайковский$g[Ред. комис.: Александров А.Н. и др.]$vТ. 11 |
| -- |
700#1$aЧайковский$bП. И.$f1840-1893$3RU\NLR\AUTH\7710326$gПетр Ильич |
| Системный номер (АБИС) связанной записи |
5068687 |
| Автор |
Чайковский, П. И. (1840-1893) |
| Место публикации |
Москва |
| Дата публикации |
1953 |
| Первые сведения об ответственности |
П. Чайковский |
| Имя издателя, распространителя и т.д. |
Музыка |
| Заглавие |
Полное собрание сочинений |
| Номер тома |
Т. 11 |
| 606 ## - НАИМЕНОВАНИЕ ТЕМЫ КАК ПРЕДМЕТ |
| Наименование темы |
Музыка (т. 11) |
| Код системы |
psbo |
| 702 #1 - ИМЯ ЛИЦА - ВТОРИЧНАЯ ОТВЕТСТВЕННОСТЬ |
| Код отношения |
Прочие |
| Начальный элемент ввода |
Давыдова |
| Часть имени, кроме начального элемента ввода |
К. Ю. |
| Дополнения к именам, кроме дат |
хореограф, музыковед |
| Даты |
1905-1992 |
| Расширение инициалов личного имени |
Ксения Юрьевна |
| Системный номер авторитетной/нормативной записи |
142194 |
| Идентификатор авторитетной/нормативной записи |
RU\NLR\AUTH\770142230 |
| 702 #1 - ИМЯ ЛИЦА - ВТОРИЧНАЯ ОТВЕТСТВЕННОСТЬ |
| Код отношения |
Редактор |
| Графика поля |
Кириллица |
| Материалы, к которым относится поле |
rus |
| Начальный элемент ввода |
Александров |
| Часть имени, кроме начального элемента ввода |
А. Н. |
| Дополнения к именам, кроме дат |
композитор, педагог |
| Даты |
1888-1982 |
| Расширение инициалов личного имени |
Анатолий Николаевич |
| Системный номер авторитетной/нормативной записи |
253946 |
| Идентификатор авторитетной/нормативной записи |
RU\NLR\AUTH\770254002 |
| 702 #1 - ИМЯ ЛИЦА - ВТОРИЧНАЯ ОТВЕТСТВЕННОСТЬ |
| Начальный элемент ввода |
Лабутина |
| Часть имени, кроме начального элемента ввода |
Г. И. |
| Код отношения |
Прочие |
| 801 #0 - ИСТОЧНИК ЗАПИСИ |
| Страна |
Российская Федерация |
| Организация |
NLR |
| Правила каталогизации |
psbo |
| 801 #1 - ИСТОЧНИК ЗАПИСИ |
| Страна |
Российская Федерация |
| Организация |
ELAR |
| Источник данных |
rusmarc |
| 852 ## - МЕСТОНАХОЖДЕНИЕ И ШИФР ХРАНЕНИЯ |
| Идентификатор организации |
NLR |
| Шифр хранения (Call Number) |
Ис80 Г-5/86 |
| 942 ## - ДОПОЛНИТЕЛЬНЫЕ ЭЛЕМЕНТЫ ЗАПИСИ (АБИС) |
| Тип экземпляра АБИС |
Книга |
| 980 ## - КОЛЛЕКЦИЯ |
| Название коллекции |
Национальная библиография |